Les nuits africaines /

Guardat en:
Dades bibliogràfiques
Autor principal: Rech, Jean-Louis (19..-....) (Autor, Auteur)
Altres autors: Nardin, Jean-Claude (1937-2016) (Ancien possesseur)
Format: Llibre
Idioma:francès
Publicat: Montblanc : H & O éd, 2006.
Col·lecció:H & O poche,
Etiquetes: Afegir etiqueta
Sense etiquetes, Sigues el primer a etiquetar aquest registre!

MARC

LEADER 00000cam a2200000 i 4500
001 17806291X
003 sudoc
005 20250911145244.0
008 140430s2006||||fr ###fr 000 1 fre d
035 |a (OCoLC)878658870 
040 |a ABES  |b fre  |e AFNOR  |c ct 
041 0 |a fre  |2 639-2 
080 |a 823  |2 Éd. 1967 
082 0 |a 800 
100 1 |0 (IdRef)081473931  |1 http://www.idref.fr/081473931/id  |a Rech, Jean-Louis  |d (19..-....).  |4 aut.  |e Auteur 
245 1 4 |a Les nuits africaines /  |c Jean-Louis Rech. 
260 |a Montblanc :  |b H & O éd,  |c 2006. 
300 |a 1 vol. (92 p.) :  |b couv. ill. en coul. ;  |c 16 cm. 
336 |b txt  |2 rdacontent 
337 |b n  |2 rdamedia 
337 |b n  |2 isbdmedia 
490 1 |a H & O poche,  |x 1627-8747 
500 |a Côte d'Ivoire, enseignement secondaire, coopérant français, récit homoérotique. 
561 |5 751063002:505191377  |a Ex-libris de J. C. Nardin, 2008 
700 1 |5 751063002:505191377  |a Nardin, Jean-Claude  |d (1937-2016).  |4 fmo.  |e Ancien possesseur 
760 0 |t H & O poche  |g 7  |w (ABES)05881759X 
886 2 |2 unimarc  |a 181  |a i#  |b xxxe## 
942 |2 ddc  |c BK 
952 |0 0  |1 0  |2 ddc  |4 0  |7 0  |9 8963  |a MI  |b MI  |d 2009-12-04  |i 5748  |l 0  |p CDOM5748  |r 2025-07-17 21:50:00  |w 2025-07-17  |x DONO  |y BK 
999 |c 7456  |d 7456